[Event "AUTO-OPEN-4038"]
[Site "http://www.queenalice.com/game.php?id=1564690"]
[Date "2019.3.18"]
[Round "1"]
[White "junipero"]
[Black "Skag420"]
[Result "1-0"]
[WhiteElo "2126"]
[BlackElo "1403"]

1. d4 h6 2. c4 g5 3. Nc3 e6 4. e3 c6 5. Nf3 f6 6. h3 h5 7. Bd3 Rh6 8. O-O d5 9.
a3 g4 10. Nh4 Bd6 11. c5 Bc7 12. Bg6+ Kf8 13. b4 b6 14. Bb2 Ne7 15. Bc2 f5 16.
Ne2 Na6 17. Nf4 Bxf4 18. exf4 Qc7 19. g3 Ng8 20. hxg4 hxg4 21. Qe2 Ne7 22. f3 e5
23. fxe5 Rb8 24. fxg4 bxc5 25. Nxf5 Bxf5 26. gxf5 c4 27. Bc1 Rh8 28. f6 Ng8 29.
f7 Qc8 30. fxg8=Q+ Kxg8 31. Bf5 Qe8 32. Qg4+ Kf8 33. Bg6+ Ke7 34. Bg5# 1-0

[Event "AUTO-OPEN-4038"]
[Site "http://www.queenalice.com/game.php?id=1564691"]
[Date "2019.3.18"]
[Round "1"]
[White "Skag420"]
[Black "Bruscato"]
[Result "0-1"]
[WhiteElo "1489"]
[BlackElo "2349"]

1. e3 d5 2. Nh3 Bf5 3. g4 Be4 4. f3 Bg6 5. f4 e6 6. g5 Nc6 7. Nc3 Bc5 8. Na4 Bb6
9. c4 dxc4 10. Bxc4 Nge7 11. d4 O-O 12. Nf2 Nf5 13. O-O Na5 14. Bd3 Nc6 15. h4
Nxh4 16. b3 Bxd4 17. exd4 Nxd4 18. Kh1 Qd5+ 19. Be4 Qd6 20. Bb2 Ndf5 21. Nd3
Ng3+ 22. Kh2 Nxe4 23. Kh3 Nf5 24. Be5 Qe7 25. Qe2 Nfd6 26. Rfc1 Nxg5+ 27. fxg5
Qxg5 28. Nf4 Bf5+ 29. Kh2 Ne4 30. Rg1 Qh4+ 31. Kg2 f6 32. Bxc7 Rac8 33. Rac1
Rfd8 34. Bxd8 Rxc1 35. Rxc1 Qg3+ 36. Kh1 Nf2+ 37. Qxf2 Qxf2 38. Rc8 Be4+ 0-1

[Event "AUTO-OPEN-4038"]
[Site "http://www.queenalice.com/game.php?id=1564692"]
[Date "2019.3.18"]
[Round "1"]
[White "Bruscato"]
[Black "Skag420"]
[Result "1-0"]
[WhiteElo "2340"]
[BlackElo "1491"]

1. e4 e5 2. f4 exf4 3. Nf3 Nf6 4. e5 Nd5 5. c4 Nb6 6. d4 c6 7. Bxf4 h6 8. Nc3 d6
9. Bd3 g5 10. Bg3 f6 11. Bg6+ Kd7 12. exd6 Nxc4 13. Bf5+ Ke8 14. Qe2+ Kf7 15.
Qxc4+ Kg7 16. Bxc8 Qe8+ 17. Be6 b5 18. Qb3 a5 19. O-O h5 20. Rae1 Na6 21. Bf5
Qd8 22. Qe6 h4 23. Bf2 Bxd6 24. Ne4 Re8 25. Qxd6 Rxe4 26. Qxd8 Rxd8 27. Rxe4 Rd5
28. Nxh4 gxh4 29. Be6 Rh5 30. Bg4 Rg5 31. Be3 Rd5 32. Be6 Rd6 33. Rg4+ Kf8 34.
Rxf6+ Ke7 35. Rgg6 Nc7 36. Bg5 Nxe6 37. Rxe6+ Kd7 38. Rxd6+ Kc7 39. Rxc6+ Kd7
40. Rgd6+ 1-0

[Event "AUTO-OPEN-4038"]
[Site "http://www.queenalice.com/game.php?id=1564693"]
[Date "2019.3.18"]
[Round "1"]
[White "Skag420"]
[Black "BOY2020"]
[Result "0-1"]
[WhiteElo "1397"]
[BlackElo "1887"]

1. e3 e5 2. a3 d5 3. Nc3 Nf6 4. Nf3 Nc6 5. d3 a5 6. h3 d4 7. exd4 exd4 8. Nb5
Bc5 9. g4 O-O 10. Rg1 b6 11. g5 Re8+ 12. Kd2 Nd5 13. h4 g6 14. h5 Bd6 15. Nh4
Bf4# 0-1

[Event "AUTO-OPEN-4038"]
[Site "http://www.queenalice.com/game.php?id=1564694"]
[Date "2019.3.18"]
[Round "1"]
[White "BOY2020"]
[Black "Skag420"]
[Result "0-1"]
[WhiteElo "1646"]
[BlackElo "1474"]

1. e4 a6 2. Nf3 Nc6 3. Bc4 Na5 4. Be2 b5 5. d4 Bb7 6. Bd2 Nc4 7. d5 c5 8. Bxc4
bxc4 9. Na3 a5 10. Nxc4 d6 11. Qe2 e5 12. O-O h6 13. Ne3 g5 14. h3 h5 15. Nf5
Ba6 16. c4 a4 17. Bxg5 f6 18. Bh4 Qd7 19. b3 Rb8 20. Qc2 Nh6 21. Bxf6 Rg8 22.
Rfe1 Kf7 23. Bxe5 Qd8 24. Bf4 Nxf5 25. exf5 axb3 26. axb3 Bc8 27. Re3 Bg7 28.
Ng5+ Kf6 29. Ne6 Bxe6 30. Rxe6+ Kf7 31. Ra7+ Kf8 32. Bxd6+ Qxd6 0-1

[Event "AUTO-INT-3419"]
[Site "http://www.queenalice.com/game.php?id=1564755"]
[Date "2019.3.19"]
[Round "1"]
[White "Skag420"]
[Black "Danado"]
[Result "0-1"]
[WhiteElo "1393"]
[BlackElo "1726"]

1. Nh3 e5 2. a3 d5 3. f3 Bxh3 4. e4 Be6 5. g4 Nc6 6. Bh3 Qh4+ 7. Ke2 Qxh3 8. b4
dxe4 9. fxe4 Bxg4+ 10. Ke1 Bxd1 11. Kxd1 Qf3+ 12. Ke1 Qxh1+ 13. Ke2 Qxc1 14. c3
Qb2 15. c4 Qxa1 16. Nc3 Qxa3 17. b5 Na5 18. Kd3 O-O-O+ 19. Kc2 Nxc4 20. d3 Qb2+
21. Kd1 Qd2# 0-1

[Event "AUTO-INT-3419"]
[Site "http://www.queenalice.com/game.php?id=1564756"]
[Date "2019.3.19"]
[Round "1"]
[White "Danado"]
[Black "Skag420"]
[Result "1-0"]
[WhiteElo "1695"]
[BlackElo "1499"]

1. e4 a6 2. d4 b5 3. a3 Bb7 4. Nc3 Nf6 5. Bd3 Nc6 6. Be3 h6 7. Nf3 e6 8. O-O d6
9. h3 g5 10. a4 b4 11. Na2 g4 12. hxg4 Nxg4 13. Qe2 d5 14. e5 f6 15. Bg6+ Ke7
16. Bh5 Rg8 17. exf6+ Nxf6 18. Nd2 Qd6 19. Nb3 e5 20. dxe5 Qxe5 21. Bc5+ Kd8 22.
Qxe5 Nxe5 23. Bxf8 Nxh5 24. Bxh6 Ng4 25. Bg5+ Rxg5 26. Nxb4 a5 27. Nd3 Ba6 28.
Nbc5 Bc8 29. Rae1 Bf5 30. Re6 Ng7 31. Re2 Rh5 32. f3 Nh2 33. Rff2 c6 34. g4 Rh4
35. Rxh2 Rxh2 36. Kxh2 Bc8 37. Ne5 Ne6 38. Nxe6+ Bxe6 39. Nxc6+ Kd7 40. Nd4 Bf7
41. Kh3 Rb8 42. b3 Rc8 43. f4 Rc3+ 44. Kg2 Kd6 45. Nb5+ Kc5 46. Nxc3 d4 47. Re7
Bg8 48. Nd1 Bd5+ 49. Kf2 Kb4 50. f5 Ka3 51. f6 Ka2 52. f7 Kb1 53. Rd7 1-0

[Event "AUTO-INT-3419"]
[Site "http://www.queenalice.com/game.php?id=1564757"]
[Date "2019.3.19"]
[Round "1"]
[White "Skag420"]
[Black "saturnin"]
[Result "1-0"]
[WhiteElo "1457"]
[BlackElo "1478"]

1. e4 d6 2. g4 e5 3. Nc3 Nh6 4. f3 Qh4+ 5. Ke2 Nxg4 6. fxg4 Qxg4+ 7. Nf3 Nc6 8.
h3 Nd4+ 9. Kf2 Nxf3 10. hxg4 Bxg4 11. Kg3 h5 12. Nd5 O-O-O 13. c3 c6 14. Nb4 Ng5
15. Be2 Nxe4+ 16. Kg2 f5 17. Bxg4 fxg4 18. d4 c5 19. Nd5 cxd4 20. Qe1 Nf6 21.
Bg5 Re8 22. Nb4 a5 23. Nd3 e4 24. Nf4 d3 25. Qe3 d5 26. Ng6 Rh7 27. c4 dxc4 28.
Qd4 b5 29. a3 e3 30. b4 d2 31. Bxe3 Ne4 32. Rhf1 h4 33. Rf7 h3+ 34. Kf1 h2 35.
Qd7+ 1-0

[Event "AUTO-INT-3419"]
[Site "http://www.queenalice.com/game.php?id=1564758"]
[Date "2019.3.19"]
[Round "1"]
[White "saturnin"]
[Black "Skag420"]
[Result "0-1"]
[WhiteElo "1541"]
[BlackElo "1396"]

1. d4 h6 2. e4 a6 3. c4 Nc6 4. a3 b6 5. d5 Ne5 6. b3 a5 7. Be2 Nf6 8. Nc3 c6 9.
dxc6 dxc6 10. Nf3 Qc7 11. O-O g5 12. Bb2 Ng6 13. g3 g4 14. Nd4 e6 15. Qd3 Ba6
16. Qe3 Rd8 17. a4 e5 18. Nf5 Bb4 19. f3 h5 20. fxg4 Bc5 21. gxh5 Bxe3+ 22. Nxe3
Rd2 23. hxg6 Rxb2 24. Nf5 Rxb3 25. g7 Rg8 26. Na2 Rb2 27. Bd3 Qd7 28. h3 Qxd3
29. h4 Bxc4 30. Rfd1 Rd2 31. Rxd2 Qxd2 0-1

[Event "AUTO-INT-3419"]
[Site "http://www.queenalice.com/game.php?id=1564759"]
[Date "2019.3.19"]
[Round "1"]
[White "Skag420"]
[Black "tio_revas"]
[Result "1-0"]
[WhiteElo "1438"]
[BlackElo "1501"]

1. Nh3 d5 2. f3 c5 3. g4 Nc6 4. e3 e6 5. c4 d4 6. Nf4 Qh4+ 7. Ke2 Ne5 8. Na3 Qh3
9. Bxh3 d3+ 10. Kf2 Nh6 11. Qa4+ Bd7 12. Qa5 b6 13. Qa6 g5 14. Nh5 Ke7 15. Qb7
Rc8 16. Nb5 Nxc4 17. Nxa7 Nd6 18. Qxb6 Nc4 19. Qb3 Ne5 20. Nxc8+ 1-0

[Event "AUTO-INT-3419"]
[Site "http://www.queenalice.com/game.php?id=1564760"]
[Date "2019.3.19"]
[Round "1"]
[White "tio_revas"]
[Black "Skag420"]
[Result "0-1"]
[WhiteElo "1521"]
[BlackElo "1418"]

1. d4 h6 2. c4 g5 3. Be3 b6 4. Nc3 c6 5. Nf3 f6 6. h4 g4 7. Nd2 f5 8. c5 d5 9.
a4 e6 10. f4 Be7 11. a5 b5 12. a6 Bxh4+ 13. Bf2 g3 14. Bg1 Nf6 15. Rxh4 Qc7 16.
Nf3 Nxa6 17. Ne5 Nb4 18. Ng6 Rg8 19. Rxh6 Ng4 0-1

[Event "Challenge"]
[Site "http://www.queenalice.com/game.php?id=1577567"]
[Date "2019.7.16"]
[Round "-"]
[White "pj"]
[Black "Skag420"]
[Result "1-0"]
[WhiteElo "1457"]
[BlackElo "1377"]

1. e4 e5 2. c4 g6 3. g4 Bc5 4. Ne2 Nf6 5. f3 c6 6. a3 d5 7. exd5 cxd5 8. b4 Bd4
9. Nxd4 exd4 10. g5 Nh5 11. d3 a5 12. b5 1-0

[Event "Challenge"]
[Site "http://www.queenalice.com/game.php?id=1577568"]
[Date "2019.7.16"]
[Round "-"]
[White "Skag420"]
[Black "pj"]
[Result "0-1"]
[WhiteElo "1391"]
[BlackElo "1443"]

1. Nh3 e5 2. g3 b5 3. Bg2 c6 4. O-O d5 5. c3 e4 6. d3 f5 7. f3 exf3 8. exf3 h6
9. Bf4 Nd7 10. Qe1+ Ne7 11. g4 g5 0-1